[Event "26. Torneo Collado Villalba B"]
[Site "Collado Villalba ESP"]
[Date "2009.08.21"]
[Round "1.1"]
[White "Rubio Campos, Juan"]
[Black "Saez Gabikagogeaskoa, Oscar"]
[Result "1/2-1/2"]
[WhiteElo "1678"]
[BlackElo "1999"]
[PlyCount "43"]
[EventDate "2009.08.21"]
[EventType "swiss"]
[EventRounds "9"]
[EventCountry "ESP"]
[Source "lmi"]
[SourceDate "2009.08.21"]

1. e4 c5 2. Nf3 Nc6 3. d4 cxd4 4. Nxd4 Nf6 5. Nc3 e5 6. Ndb5 d6 7. Bg5 a6 8.
Na3 b5 9. Bxf6 gxf6 10. Nd5 f5 11. Bd3 Be6 12. O-O Bg7 13. Qh5 f4 14. c4 b4 15.
Nc2 a5 16. g3 fxg3 17. hxg3 O-O 18. Nce3 Nd4 19. Kg2 h6 20. Nf5 Nxf5 21. exf5
Bxd5+ 22. cxd5 1/2-1/2

[Event "26. Torneo Collado Villalba B"]
[Site "Collado Villalba ESP"]
[Date "2009.08.21"]
[Round "1.3"]
[White "Sadaba Rodriguez, Igor"]
[Black "Cano Cabanillas, Javier"]
[Result "0-1"]
[WhiteElo "1674"]
[BlackElo "1968"]
[PlyCount "112"]
[EventDate "2009.08.21"]
[EventType "swiss"]
[EventRounds "9"]
[EventCountry "ESP"]
[Source "lmi"]
[SourceDate "2009.08.21"]

1. d4 Nf6 2. c4 e5 3. dxe5 Ng4 4. Nf3 Nc6 5. Bf4 Bb4+ 6. Nbd2 Qe7 7. e3 Ngxe5
8. Be2 d6 9. O-O Be6 10. b3 O-O 11. a3 Bc3 12. Ra2 Ng6 13. Bg3 f5 14. Qc2 Ba5
15. b4 Bxb4 16. axb4 Nxb4 17. Qb3 Nxa2 18. Qxa2 f4 19. exf4 Nxf4 20. Bxf4 Rxf4
21. Re1 Kh8 22. Qb1 b6 23. Bd3 h6 24. g3 Rf7 25. Nd4 Qf6 26. N2f3 Bg4 27. Be2
c5 28. h3 Bh5 29. g4 Bg6 30. Nf5 Bxf5 31. Qxf5 Qxf5 32. gxf5 Rxf5 33. Kf1 Raf8
34. Kg2 d5 35. cxd5 Rxd5 36. Bc4 Rdf5 37. Re3 Rf4 38. Rc3 Re8 39. Kg3 g5 40. h4
Ree4 41. Bd5 gxh4+ 42. Nxh4 Rxh4 43. Bxe4 Rxe4 44. f3 Re7 45. Kg4 Kg7 46. f4
Kf6 47. Rh3 Rg7+ 48. Kf3 Rh7 49. Rh5 Kg6 50. Rd5 Rc7 51. Kg4 c4 52. Rd6+ Kg7
53. Kh5 c3 54. Rg6+ Kf7 55. Rxh6 Rc5+ 56. Kg4 c2 0-1

[Event "26. Torneo Collado Villalba B"]
[Site "Collado Villalba ESP"]
[Date "2009.08.21"]
[Round "1.4"]
[White "Greciano Reiskila, Miguel C"]
[Black "Alvarez Luis, Jose L"]
[Result "1-0"]
[WhiteElo "1964"]
[BlackElo "1671"]
[PlyCount "119"]
[EventDate "2009.08.21"]
[EventType "swiss"]
[EventRounds "9"]
[EventCountry "ESP"]
[Source "lmi"]
[SourceDate "2009.08.21"]

1. c4 c5 2. Nf3 Nc6 3. Nc3 e5 4. g3 g6 5. Bg2 Bg7 6. O-O Nge7 7. d3 O-O 8. Bd2
d6 9. a3 Rb8 10. Rb1 a6 11. b4 b6 12. b5 axb5 13. Nxb5 Bb7 14. Bc3 h6 15. Nd2
f5 16. e3 Nc8 17. Nf3 N8a7 18. d4 e4 19. Nh4 Kh7 20. d5 Nxb5 21. Bxg7 Kxg7 22.
dxc6 Nc3 23. Qc2 Nxb1 24. cxb7 Nxa3 25. Qc3+ Qf6 26. Qxa3 g5 27. Nf3 exf3 28.
Bxf3 Qe7 29. Qa6 Rf7 30. Qxb6 Qc7 31. Rb1 Qxb6 32. Rxb6 Rd7 33. Kf1 Kf6 34. Bc6
Ke7 35. Bxd7 Kxd7 36. Ke2 Kc7 37. Rb5 Rxb7 38. Rxb7+ Kxb7 39. Kf3 Kc6 40. e4
fxe4+ 41. Kxe4 d5+ 42. cxd5+ Kd6 43. f3 c4 44. Kd4 c3 45. Kxc3 Kxd5 46. Kd3 Ke5
47. Ke3 Kf5 48. Kd4 h5 49. Ke3 Ke5 50. h3 Kf5 51. Kd4 Kf6 52. Ke4 Ke6 53. f4
gxf4 54. gxf4 Kf6 55. f5 Kf7 56. Kf4 Kf6 57. h4 Kg7 58. Kg5 Kf7 59. Kxh5 Kf6
60. Kg4 1-0

[Event "26. Torneo Collado Villalba B"]
[Site "Collado Villalba ESP"]
[Date "2009.08.21"]
[Round "1.5"]
[White "Gomez Fernandez, Miquel"]
[Black "Camarero Izquierdo, Juan C"]
[Result "0-1"]
[WhiteElo "1658"]
[BlackElo "1950"]
[PlyCount "52"]
[EventDate "2009.08.21"]
[EventType "swiss"]
[EventRounds "9"]
[EventCountry "ESP"]
[Source "lmi"]
[SourceDate "2009.08.21"]

1. d4 Nf6 2. c4 g6 3. Nc3 Bg7 4. e4 d6 5. Nf3 O-O 6. Bd3 Nc6 7. a3 a5 8. O-O e5
9. d5 Ne7 10. Bg5 h6 11. Be3 g5 12. h3 Ng6 13. Nh2 Nf4 14. Bxf4 gxf4 15. Be2
Kh8 16. Ng4 Nh7 17. Nh2 Rg8 18. Bg4 Bf6 19. Bxc8 Qxc8 20. Qh5 Rg6 21. Ng4 Qg8
22. Nxh6 Rxg2+ 23. Kh1 Qg6 24. Qxg6 Rxg6 25. Nf5 Ng5 26. h4 Nf3 0-1

[Event "26. Torneo Collado Villalba B"]
[Site "Collado Villalba ESP"]
[Date "2009.08.21"]
[Round "1.6"]
[White "Rodriguez Ballespin, Daniel"]
[Black "Zea Ruiz, Elena"]
[Result "1-0"]
[WhiteElo "1937"]
[BlackElo "1642"]
[PlyCount "65"]
[EventDate "2009.08.21"]
[EventType "swiss"]
[EventRounds "9"]
[EventCountry "ESP"]
[Source "lmi"]
[SourceDate "2009.08.21"]

1. e4 e5 2. Nc3 d6 3. f4 Nd7 4. Nf3 c6 5. d4 Qc7 6. Bc4 Be7 7. O-O Ngf6 8. Kh1
O-O 9. Bb3 b5 10. a3 a5 11. Qe1 h6 12. Nh4 exd4 13. Nf5 dxc3 14. Nxe7+ Kh8 15.
Nf5 Nc5 16. e5 Bxf5 17. exf6 gxf6 18. Qxc3 Ne4 19. Qe1 d5 20. Qh4 Kg7 21. Be3
Rad8 22. Rae1 d4 23. Bc1 d3 24. cxd3 Rxd3 25. Bc2 Rd4 26. Bxe4 Bxe4 27. Qf2 c5
28. f5 Kh8 29. Bf4 Qd7 30. Be3 Rd5 31. Qh4 Bxf5 32. Qxf6+ Kg8 33. Bxh6 1-0

[Event "26. Torneo Collado Villalba B"]
[Site "Collado Villalba ESP"]
[Date "2009.08.21"]
[Round "1.7"]
[White "Fernandez-Gallardo Romero, Alvaro"]
[Black "Avendano Mateos, Jose"]
[Result "0-1"]
[WhiteElo "1640"]
[BlackElo "1925"]
[PlyCount "54"]
[EventDate "2009.08.21"]
[EventType "swiss"]
[EventRounds "9"]
[EventCountry "ESP"]
[Source "lmi"]
[SourceDate "2009.08.21"]

1. e4 c6 2. d4 d5 3. Nc3 dxe4 4. Nxe4 Nd7 5. Nf3 Ngf6 6. Ng3 e6 7. Bf4 Be7 8.
Bd3 Nd5 9. Bd2 c5 10. c3 O-O 11. Qc2 N7f6 12. O-O b6 13. Rfe1 Bb7 14. Ne4 cxd4
15. Nxd4 Rc8 16. Nxf6+ Nxf6 17. Qb1 Qd5 18. f3 Bc5 19. Kh1 e5 20. Nb3 Qxf3 21.
Re2 Qh5 22. Nxc5 bxc5 23. Qf1 e4 24. Bc2 Ba6 25. Bd1 Ng4 26. h3 f5 27. Kg1 Ne5
0-1

[Event "26. Torneo Collado Villalba B"]
[Site "Collado Villalba ESP"]
[Date "2009.08.21"]
[Round "1.8"]
[White "Fernandez Garcia, Javier"]
[Black "Orantes Sanz, Ricardo"]
[Result "1-0"]
[WhiteElo "1923"]
[BlackElo "1639"]
[PlyCount "81"]
[EventDate "2009.08.21"]
[EventType "swiss"]
[EventRounds "9"]
[EventCountry "ESP"]
[Source "lmi"]
[SourceDate "2009.08.21"]

1. d4 Nf6 2. Nf3 d6 3. Nc3 Bf5 4. Bg5 Nbd7 5. Nh4 g6 6. g3 c6 7. Bg2 Qa5 8. Qd2
h6 9. Nxf5 Qxf5 10. Bxf6 Nxf6 11. e4 Qh5 12. O-O Bg7 13. f4 g5 14. e5 Nd7 15.
exd6 e6 16. f5 g4 17. Rae1 O-O-O 18. fxe6 fxe6 19. Rxe6 Rhf8 20. Ne2 Rxf1+ 21.
Bxf1 Rf8 22. Nf4 Qg5 23. Rg6 Bxd4+ 24. Qxd4 Qc5 25. Qxc5 Nxc5 26. Ne6 Nxe6 27.
Rxe6 h5 28. c4 c5 29. Bg2 Rf7 30. Re7 Rxe7 31. dxe7 Kd7 32. Bxb7 Kxe7 33. Kf2
Kf6 34. Ke3 Kg5 35. Bc8 h4 36. gxh4+ Kxh4 37. Kf4 Kh3 38. Bxg4+ Kxh2 39. Ke5
Kg3 40. Be6 Kf3 41. Kd5 1-0

[Event "26. Torneo Collado Villalba B"]
[Site "Collado Villalba ESP"]
[Date "2009.08.21"]
[Round "1.9"]
[White "Caro Martin, Diego"]
[Black "Rodriguez Bachiller, Luis"]
[Result "1-0"]
[WhiteElo "1628"]
[BlackElo "1920"]
[PlyCount "99"]
[EventDate "2009.08.21"]
[EventType "swiss"]
[EventRounds "9"]
[EventCountry "ESP"]
[Source "lmi"]
[SourceDate "2009.08.21"]

1. e4 c5 2. Nc3 Nc6 3. f4 e6 4. Bc4 a6 5. a4 b6 6. Nf3 Bb7 7. d3 d6 8. O-O Be7
9. Re1 Nf6 10. Be3 O-O 11. f5 exf5 12. exf5 d5 13. Bb3 d4 14. Bg5 dxc3 15. bxc3
Nd5 16. Qd2 Bxg5 17. Nxg5 h6 18. Ne4 Nf6 19. Nxf6+ Qxf6 20. g4 Rad8 21. Rab1
Ne5 22. Qf4 Qc6 23. Re4 Nxd3 24. cxd3 Rxd3 25. Rbe1 Rxc3 26. Ba2 Rc2 27. Bb1
Rc4 28. Qe5 Qxa4 29. Rxc4 Qxc4 30. h3 Qd5 31. Qxd5 Bxd5 32. Re7 Rd8 33. Ra7 Bc4
34. Bc2 f6 35. Be4 a5 36. Rb7 Rd6 37. Rb8+ Kh7 38. Rb7 a4 39. Ra7 b5 40. Ra5
Rb6 41. Kf2 Rb8 42. Bc6 Rb6 43. Be8 Bb3 44. Bg6+ Kh8 45. Ra8+ Bg8 46. Bf7 h5
47. Rxg8+ Kh7 48. Rf8 Rd6 49. Bg6+ Kh6 50. h4 1-0

[Event "26. Torneo Collado Villalba B"]
[Site "Collado Villalba ESP"]
[Date "2009.08.21"]
[Round "1.10"]
[White "Montero Garcia, Fco. Javier"]
[Black "Cepas Castillo, Juan Carlos"]
[Result "1-0"]
[WhiteElo "1912"]
[BlackElo "1618"]
[PlyCount "62"]
[EventDate "2009.08.21"]
[EventType "swiss"]
[EventRounds "9"]
[EventCountry "ESP"]
[Source "lmi"]
[SourceDate "2009.08.21"]

1. e4 c6 2. d4 d5 3. exd5 cxd5 4. c4 Nf6 5. Nc3 e6 6. Nf3 Be7 7. Bd3 dxc4 8.
Bxc4 Nc6 9. O-O O-O 10. Re1 a6 11. a4 Bd7 12. Bg5 Na5 13. Bd3 Rc8 14. Qe2 Re8
15. Rad1 Bb4 16. Ne4 Bxa4 17. Ne5 Bxd1 18. Rxd1 Be7 19. Nxf6+ Bxf6 20. Bxh7+
Kf8 21. Qh5 Rc7 22. Bf4 Nc6 23. Be4 Nxe5 24. dxe5 Rd7 25. Rxd7 Qxd7 26. Qh8+
Ke7 27. exf6+ gxf6 28. Qh5 Qd4 29. Qe2 Rd8 30. g3 f5 31. Bxb7 Rb8 1-0

[Event "26. Torneo Collado Villalba B"]
[Site "Collado Villalba ESP"]
[Date "2009.08.21"]
[Round "1.12"]
[White "Marco Catala, Juan Bautista"]
[Black "Cabrera Fernandez, Daniel"]
[Result "0-1"]
[WhiteElo "1898"]
[BlackElo "1588"]
[PlyCount "56"]
[EventDate "2009.08.21"]
[EventType "swiss"]
[EventRounds "9"]
[EventCountry "ESP"]
[Source "lmi"]
[SourceDate "2009.08.21"]

1. c4 Nf6 2. Nc3 g6 3. d4 Bg7 4. e4 d6 5. f3 O-O 6. Be3 Re8 7. Qd2 Nbd7 8.
O-O-O e5 9. Nge2 Qe7 10. Nb5 Nf8 11. Kb1 a6 12. Nbc3 exd4 13. Bxd4 Ne6 14. Be3
Bd7 15. g4 b5 16. g5 Nh5 17. Nd5 Qd8 18. Ng3 Nxg3 19. hxg3 Rb8 20. cxb5 Bxb5
21. Bxb5 Rxb5 22. b3 a5 23. Qh2 Nxg5 24. Bxg5 Qxg5 25. Qxh7+ Kf8 26. f4 Qxg3
27. f5 Rxb3+ 28. Kc2 Rb2+ 0-1

[Event "26. Torneo Collado Villalba B"]
[Site "Collado Villalba ESP"]
[Date "2009.08.21"]
[Round "1.13"]
[White "Takvor Mena, Samuel"]
[Black "Soler Polo, Diego"]
[Result "0-1"]
[WhiteElo "1588"]
[BlackElo "1895"]
[PlyCount "66"]
[EventDate "2009.08.21"]
[EventType "swiss"]
[EventRounds "9"]
[EventCountry "ESP"]
[Source "lmi"]
[SourceDate "2009.08.21"]

1. e4 c5 2. Nc3 d6 3. Bc4 Nf6 4. d3 e6 5. f4 Nc6 6. Nf3 a6 7. O-O Qc7 8. Qe1 b5
9. Bb3 Bd7 10. Be3 Be7 11. Qg3 b4 12. Ne2 Na5 13. e5 Nh5 14. Qh3 g6 15. Ng3
Nxg3 16. Qxg3 d5 17. a3 bxa3 18. Rxa3 c4 19. Rxa5 Qxa5 20. dxc4 dxc4 21. Bxc4
O-O 22. Bd2 Qc5+ 23. Kh1 Qxc4 24. c3 Qxf1+ 25. Ng1 Bc5 26. Be3 Bxe3 27. Qxe3
Bc6 28. Qg3 Rfd8 29. h4 Rd1 30. Kh2 Qxg1+ 31. Kh3 Bxg2+ 32. Qxg2 Rd3+ 33. Kg4
Qxg2# 0-1

[Event "26. Torneo Collado Villalba B"]
[Site "Collado Villalba ESP"]
[Date "2009.08.21"]
[Round "1.14"]
[White "Aguado Garcia, Pablo"]
[Black "Kalinovsky, Martin"]
[Result "1/2-1/2"]
[WhiteElo "1884"]
[BlackElo "1586"]
[PlyCount "91"]
[EventDate "2009.08.21"]
[EventType "swiss"]
[EventRounds "9"]
[EventCountry "ESP"]
[Source "lmi"]
[SourceDate "2009.08.21"]

1. e4 e5 2. Nf3 Nf6 3. Bc4 Nxe4 4. Nc3 Nc6 5. O-O Nxc3 6. dxc3 Be7 7. Qd5 O-O
8. Nxe5 Nxe5 9. Qxe5 Bf6 10. Qh5 d6 11. Re1 c6 12. Bd3 g6 13. Qf3 Bd7 14. Bh6
Bg7 15. Bxg7 Kxg7 16. Re3 Be6 17. Rae1 Qb6 18. b3 Rad8 19. Qf4 Rd7 20. Qd4+
Qxd4 21. cxd4 d5 22. f4 Rd6 23. Re5 Kf6 24. f5 gxf5 25. Bxf5 Bxf5 26. Rf1 Kg6
27. Rexf5 Re6 28. g3 Re2 29. Rf6+ Kg7 30. R1f2 Rxf2 31. Rxf2 Re8 32. Rd2 Kg6
33. Kf2 h5 34. Rd3 Re4 35. c3 Kg5 36. h3 f5 37. Rf3 f4 38. a4 b6 39. Rd3 a6 40.
c4 a5 41. Kf3 fxg3 42. Kxg3 h4+ 43. Kf2 Kf5 44. Rf3+ Rf4 45. Ke3 Rxf3+ 46. Kxf3
1/2-1/2

[Event "26. Torneo Collado Villalba B"]
[Site "Collado Villalba ESP"]
[Date "2009.08.21"]
[Round "1.15"]
[White "Andres Cavero, Mariano"]
[Black "Leniz Martinez, Francisco"]
[Result "0-1"]
[WhiteElo "1581"]
[BlackElo "1883"]
[PlyCount "80"]
[EventDate "2009.08.21"]
[EventType "swiss"]
[EventRounds "9"]
[EventCountry "ESP"]
[Source "lmi"]
[SourceDate "2009.08.21"]

1. e4 c5 2. Nf3 g6 3. d4 cxd4 4. Nxd4 Bg7 5. Bc4 Nf6 6. Nc3 d6 7. h3 O-O 8. Be3
Nbd7 9. Qd2 Re8 10. f4 Nc5 11. Bd3 e5 12. Nf3 exf4 13. Bxc5 dxc5 14. Qxf4 Nh5
15. Qd2 a6 16. O-O-O Be6 17. Kb1 c4 18. Be2 Qxd2 19. Rxd2 Ng3 20. Rhd1 Bxc3 21.
bxc3 Nxe4 22. Kb2 Nxd2 23. Rxd2 b5 24. Nd4 Rad8 25. Bf3 Bd5 26. Rf2 Bxf3 27.
Rxf3 Rd6 28. a3 Re5 29. g4 h5 30. gxh5 Rxh5 31. Re3 Kf8 32. Kc1 Rf6 33. Ne2
Rf1+ 34. Kd2 Ra1 35. Nf4 Rf5 36. Ne2 Rff1 37. Nd4 Rad1+ 38. Ke2 Rfe1+ 39. Kf3
Rxe3+ 40. Kxe3 Ra1 0-1

[Event "26. Torneo Collado Villalba B"]
[Site "Collado Villalba ESP"]
[Date "2009.08.21"]
[Round "1.16"]
[White "Valderrama Arroyo, Victor"]
[Black "Hernandez Mateo, Borja"]
[Result "1-0"]
[WhiteElo "1882"]
[BlackElo "1564"]
[PlyCount "71"]
[EventDate "2009.08.21"]
[EventType "swiss"]
[EventRounds "9"]
[EventCountry "ESP"]
[Source "lmi"]
[SourceDate "2009.08.21"]

1. d4 f5 2. c4 Nf6 3. Nc3 e6 4. g3 d5 5. Bg2 c6 6. Nf3 Bd6 7. O-O O-O 8. Re1
Bd7 9. Ne5 Be8 10. Bg5 Nbd7 11. Nxd7 Qxd7 12. Bxf6 Rxf6 13. cxd5 cxd5 14. Qb3
Bf7 15. f4 Rc8 16. Nb5 Rc6 17. Nxa7 Ra6 18. Nb5 Rb6 19. a4 Be8 20. Qd3 Rh6 21.
Rec1 Rc6 22. Rxc6 Qxc6 23. Nxd6 Qxd6 24. Qb3 Qc6 25. e3 Rf6 26. Bf1 Qc7 27. a5
Rf7 28. a6 bxa6 29. Rxa6 Qb7 30. Rb6 Qc7 31. Rxe6 Qd7 32. Re5 Re7 33. Qxd5+
Qxd5 34. Rxd5 Rxe3 35. Bc4 Kf8 36. Rxf5+ 1-0

[Event "26. Torneo Collado Villalba B"]
[Site "Collado Villalba ESP"]
[Date "2009.08.21"]
[Round "1.17"]
[White "Juberias Guillen, Paloma"]
[Black "Casas Rios, Ramon"]
[Result "1/2-1/2"]
[WhiteElo "1556"]
[BlackElo "1879"]
[PlyCount "100"]
[EventDate "2009.08.21"]
[EventType "swiss"]
[EventRounds "9"]
[EventCountry "ESP"]
[Source "lmi"]
[SourceDate "2009.08.21"]

1. d4 Nf6 2. c4 e6 3. Nc3 Bb4 4. f3 d5 5. Qa4+ Nc6 6. Bd2 O-O 7. e3 Bd7 8. Qc2
Qe7 9. Bd3 h6 10. Nge2 Bxc3 11. Qxc3 e5 12. dxe5 Nxe5 13. Rc1 Nxd3+ 14. Qxd3 a6
15. Nc3 dxc4 16. Qxc4 Be6 17. Qe2 Rad8 18. O-O Rd7 19. e4 Rfd8 20. Be3 b5 21.
e5 Nd5 22. Nxd5 Bxd5 23. Bc5 Qe6 24. b3 Re8 25. Rfe1 f6 26. f4 fxe5 27. Qxe5
Qxe5 28. Rxe5 Rxe5 29. fxe5 Be4 30. e6 Rd5 31. Bb4 Re5 32. e7 c6 33. Rf1 Bg6
34. Rf8+ Kh7 35. Rc8 a5 36. Bd6 Re6 37. Rxc6 Be8 38. Rc8 Bf7 39. Bc5 a4 40. b4
Kg6 41. Rb8 Re2 42. a3 Re6 43. Rxb5 Be8 44. Rb8 Kf7 45. b5 Re5 46. Bb4 Rxb5 47.
Rxb5 Bxb5 48. g4 Bd7 49. h3 h5 50. gxh5 Bxh3 1/2-1/2

[Event "26. Torneo Collado Villalba B"]
[Site "Collado Villalba ESP"]
[Date "2009.08.21"]
[Round "1.18"]
[White "Alvarez Escudero, Manuel"]
[Black "Nunez Alonso, Juan"]
[Result "0-1"]
[WhiteElo "1876"]
[BlackElo "1550"]
[PlyCount "112"]
[EventDate "2009.08.21"]
[EventType "swiss"]
[EventRounds "9"]
[EventCountry "ESP"]
[Source "lmi"]
[SourceDate "2009.08.21"]

1. e4 e5 2. Nf3 Nf6 3. Nc3 Nc6 4. d4 exd4 5. Nxd4 Bb4 6. Nxc6 bxc6 7. Bd3 O-O
8. Bd2 d5 9. exd5 Re8+ 10. Ne2 Bxd2+ 11. Qxd2 cxd5 12. O-O Rb8 13. b3 Bg4 14.
f3 Bc8 15. Rfe1 Qd6 16. Nd4 Bd7 17. a4 Qc5 18. Kf1 Kf8 19. c3 Qd6 20. g3 c5 21.
Nb5 Qb6 22. Rxe8+ Rxe8 23. Rb1 c4 24. Nd4 cxd3 25. Qxd3 Rb8 26. Re1 Re8 27.
Rxe8+ Bxe8 28. g4 g6 29. Qe3 Qd6 30. Kg2 Bd7 31. h3 Kg7 32. f4 Ne4 33. c4 Nc5
34. f5 dxc4 35. bxc4 Bc6+ 36. Kg1 Bxa4 37. fxg6 hxg6 38. h4 Ne6 39. Nxe6+ Qxe6
40. Qd4+ Qf6 41. Qxa7 Qa1+ 42. Kf2 Qb2+ 43. Kg3 Qc3+ 44. Kh2 Qxc4 45. Kg3 Qd3+
46. Kh2 Qe2+ 47. Kg3 Qe1+ 48. Kh3 Qf1+ 49. Kg3 Bd1 50. Qd4+ Kh7 51. Qe3 Qe2 52.
Qf4 Qxg4+ 53. Qxg4 Bxg4 54. Kxg4 Kh6 55. Kg3 Kh5 56. Kh3 f6 0-1

[Event "26. Torneo Collado Villalba B"]
[Site "Collado Villalba ESP"]
[Date "2009.08.21"]
[Round "1.19"]
[White "Duenas Delgado, Maximiliano"]
[Black "Olmos Sanz, Francisco J"]
[Result "0-1"]
[WhiteElo "1528"]
[BlackElo "1870"]
[PlyCount "130"]
[EventDate "2009.08.21"]
[EventType "swiss"]
[EventRounds "9"]
[EventCountry "ESP"]
[Source "lmi"]
[SourceDate "2009.08.21"]

1. e4 c5 2. Bc4 Nc6 3. c3 Nf6 4. d3 g6 5. Nf3 d6 6. h3 Bg7 7. Bb3 O-O 8. Be3 b5
9. Nbd2 b4 10. Rb1 bxc3 11. bxc3 Nd7 12. Ba4 Qc7 13. Bxc6 Qxc6 14. c4 Ne5 15.
Nxe5 Bxe5 16. f4 Bg7 17. O-O f5 18. Qf3 Bd7 19. exf5 Qxf3 20. Nxf3 Bxf5 21.
Rbd1 Rab8 22. Ng5 Rb7 23. g4 Bd7 24. Rb1 Rfb8 25. Rxb7 Rxb7 26. Kg2 h6 27. Nf3
Bc6 28. Kg3 Ba4 29. d4 cxd4 30. Bxd4 Bc2 31. Bxg7 Kxg7 32. Nd4 Bd3 33. Rc1 Kf6
34. c5 dxc5 35. Rxc5 Rd7 36. Nf3 Bf1 37. h4 a6 38. Rc6+ Rd6 39. Rxd6+ exd6 40.
g5+ hxg5 41. hxg5+ Kf7 42. Nd4 Bd3 43. a3 Bb5 44. Kf3 Bc4 45. Ke4 Ke7 46. Nc2
a5 47. Nd4 a4 48. Nc6+ Ke6 49. Nd4+ Kd7 50. Nc2 Ba2 51. Nb4 Bb3 52. Kd4 Ke6 53.
Nd3 Kf5 54. Ke3 Bc2 55. Nb4 Be4 56. Na2 Bc6 57. Nc3 Kg4 58. Ne4 Bxe4 59. Kxe4
d5+ 60. Kxd5 Kxf4 61. Kc4 Kxg5 62. Kb4 Kf5 63. Kxa4 g5 64. Kb3 g4 65. Kc2 g3
0-1

[Event "26. Torneo Collado Villalba B"]
[Site "Collado Villalba ESP"]
[Date "2009.08.22"]
[Round "2.1"]
[White "Cano Cabanillas, Javier"]
[Black "Corisco Beltran, Rafael"]
[Result "1/2-1/2"]
[WhiteElo "1968"]
[BlackElo "1775"]
[PlyCount "118"]
[EventDate "2009.08.21"]
[EventType "swiss"]
[EventRounds "9"]
[EventCountry "ESP"]
[Source "lmi"]
[SourceDate "2009.08.21"]

1. e4 c5 2. c3 d5 3. exd5 Qxd5 4. d4 e5 5. dxe5 Qxe5+ 6. Be2 Nf6 7. Nf3 Qc7 8.
Na3 a6 9. O-O Be7 10. Bg5 O-O 11. Qc2 Be6 12. Bd3 h6 13. Bh4 Nc6 14. Nc4 Bxc4
15. Bxc4 b5 16. Bg3 Bd6 17. Bxd6 Qxd6 18. Rad1 Qc7 19. Bd3 Rfe8 20. Rfe1 Ne5
21. Nxe5 Rxe5 22. Rxe5 Qxe5 23. Qd2 Re8 24. f4 Qe3+ 25. Qxe3 Rxe3 26. h3 c4 27.
Bb1 a5 28. Kf2 Re8 29. Rd6 Ne4+ 30. Bxe4 Rxe4 31. Kf3 Re1 32. Rd5 b4 33. Rxa5
Rb1 34. cxb4 Rxb2 35. a3 c3 36. Rc5 c2 37. Ke3 Ra2 38. Kd2 Rxa3 39. Kxc2 Ra2+
40. Kc1 Rxg2 41. b5 Rg3 42. Kb2 Rxh3 43. b6 Rh2+ 44. Rc2 Rh5 45. Rc3 Rb5+ 46.
Rb3 Rxb6 47. Rxb6 h5 48. Kc3 g6 49. Kd4 Kg7 50. Ke4 f5+ 51. Ke5 h4 52. Rb7+ Kh6
53. Kf6 Kh5 54. Rh7+ Kg4 55. Kxg6 Kxf4 56. Rxh4+ Kg3 57. Rb4 f4 58. Kf5 f3 59.
Ke4 f2 1/2-1/2

[Event "26. Torneo Collado Villalba B"]
[Site "Collado Villalba ESP"]
[Date "2009.08.22"]
[Round "2.2"]
[White "Liceras Ruiz, Manuel"]
[Black "Greciano Reiskila, Miguel C"]
[Result "0-1"]
[WhiteElo "1747"]
[BlackElo "1964"]
[PlyCount "68"]
[EventDate "2009.08.21"]
[EventType "swiss"]
[EventRounds "9"]
[EventCountry "ESP"]
[Source "lmi"]
[SourceDate "2009.08.21"]

1. Nf3 Nf6 2. c4 Nc6 3. Nc3 e5 4. d3 Bc5 5. Bg5 Bb4 6. a3 Bxc3+ 7. bxc3 O-O 8.
g3 h6 9. Be3 d6 10. Bg2 Be6 11. O-O Qd7 12. Rb1 Rab8 13. Qa4 a6 14. Nd2 Bh3 15.
Rxb7 Nd4 16. Qxa6 Nxe2+ 17. Kh1 Bxg2+ 18. Kxg2 Nxc3 19. Rc1 Ra8 20. Ra7 Rxa7
21. Qxa7 Qc6+ 22. f3 Ra8 23. Qxa8+ Qxa8 24. Rxc3 d5 25. Bc5 Qa5 26. Bb4 Qa7 27.
c5 Qa4 28. Rb3 e4 29. dxe4 dxe4 30. Kf2 exf3 31. Kxf3 Qc6+ 32. Kf4 g5+ 33. Ke5
Qd5+ 34. Kxf6 Qe6# 0-1

[Event "26. Torneo Collado Villalba B"]
[Site "Collado Villalba ESP"]
[Date "2009.08.22"]
[Round "2.3"]
[White "Camarero Izquierdo, Juan C"]
[Black "Sebastian Enesco, Alex"]
[Result "1-0"]
[WhiteElo "1950"]
[BlackElo "1752"]
[PlyCount "55"]
[EventDate "2009.08.21"]
[EventType "swiss"]
[EventRounds "9"]
[EventCountry "ESP"]
[Source "lmi"]
[SourceDate "2009.08.21"]

1. e4 d5 2. e5 d4 3. Nf3 Bg4 4. h3 Bh5 5. g4 Bg6 6. Bg2 c6 7. e6 Qd5 8. exf7+
Bxf7 9. O-O e5 10. Nxe5 Qd6 11. Nxf7 Kxf7 12. Qf3+ Ke8 13. d3 Nd7 14. Bf4 Qb4
15. Nd2 Ngf6 16. a3 Qb6 17. Nc4 Qa6 18. Rfe1+ Kd8 19. Re2 Be7 20. Rae1 Nd5 21.
Nd6 Rf8 22. Nf5 Bc5 23. Bg5+ N7f6 24. Nxg7 Kc7 25. Ne6+ Kb6 26. Nxf8 Rxf8 27.
Qg3 Qb5 28. b4 1-0

[Event "26. Torneo Collado Villalba B"]
[Site "Collado Villalba ESP"]
[Date "2009.08.22"]
[Round "2.4"]
[White "Andres Garcia, Vicente"]
[Black "Rodriguez Ballespin, Daniel"]
[Result "0-1"]
[WhiteElo "1738"]
[BlackElo "1937"]
[PlyCount "118"]
[EventDate "2009.08.21"]
[EventType "swiss"]
[EventRounds "9"]
[EventCountry "ESP"]
[Source "lmi"]
[SourceDate "2009.08.21"]

1. e4 c6 2. d4 d5 3. e5 Bf5 4. Bd3 Bxd3 5. Qxd3 e6 6. Nf3 Qa5+ 7. Bd2 Qa6 8.
Qb3 Nd7 9. c3 Ne7 10. Na3 c5 11. dxc5 Nxc5 12. Qb5+ Nc6 13. O-O Nd3 14. Rab1
Bxa3 15. Qxa6 bxa6 16. bxa3 O-O 17. Be3 Ndxe5 18. Nxe5 Nxe5 19. Rb7 Nc4 20.
Bxa7 Rfc8 21. a4 Na5 22. Rd7 Kf8 23. Bd4 Ke8 24. Ra7 Rxa7 25. Bxa7 f6 26. Re1
Kd7 27. Rc1 Rc4 28. f3 Nc6 29. Be3 d4 30. Bd2 dxc3 31. Rxc3 Rxa4 32. a3 Nd4 33.
Kf2 Nb5 34. Rd3+ Rd4 35. Rxd4+ Nxd4 36. Bb4 e5 37. Bf8 g6 38. Ke3 Ke6 39. Kd3
Kd5 40. Bb4 f5 41. Ba5 e4+ 42. fxe4+ fxe4+ 43. Kc3 Ne2+ 44. Kd2 Nf4 45. g3 Ne6
46. Kc3 Nd4 47. Bb6 Nb5+ 48. Kb3 Nd6 49. a4 Nc4 50. Ba7 Nd2+ 51. Kc3 Nf1 52.
Bg1 h5 53. a5 g5 54. Kc2 Kc4 55. Kd1 Kd3 56. Ke1 Nd2 57. Bb6 Nf3+ 58. Kf2 Nxh2
59. Kg2 Ng4 0-1

[Event "26. Torneo Collado Villalba B"]
[Site "Collado Villalba ESP"]
[Date "2009.08.22"]
[Round "2.5"]
[White "Avendano Mateos, Jose"]
[Black "Vaquerizo Calvo, Miguel A"]
[Result "1-0"]
[WhiteElo "1925"]
[BlackElo "1713"]
[PlyCount "59"]
[EventDate "2009.08.21"]
[EventType "swiss"]
[EventRounds "9"]
[EventCountry "ESP"]
[Source "lmi"]
[SourceDate "2009.08.21"]

1. d4 Nf6 2. Nf3 e6 3. Bg5 d5 4. e3 Be7 5. Nbd2 O-O 6. Bd3 Nbd7 7. O-O c5 8. c3
a6 9. Rc1 c4 10. Bb1 b5 11. Qc2 g6 12. e4 dxe4 13. Nxe4 Nxe4 14. Qxe4 Rb8 15.
Bh6 Bb7 16. Qe3 Re8 17. Ng5 Bxg5 18. Bxg5 Qc7 19. Bf4 Qc6 20. f3 e5 21. dxe5
Qc5 22. Qxc5 Nxc5 23. Rfd1 Ne6 24. Be3 g5 25. Kf2 Nf4 26. Bd4 h5 27. Bf5 h4 28.
g3 Nh5 29. gxh4 gxh4 30. Rg1+ 1-0